Statistics for Analogies

Click here to take the quiz!

General Stats

  • This quiz has been taken 371 times
  • The average score is 10 of 14

Answer Stats

Hint Answer % Correct
Hot : Summer :: _______: WinterCold
99%
Fingers : _________ :: Toes : FootHand
99%
Sun : ______ :: Moon : NightDay
97%
________: Hospital :: Teacher : SchoolDoctor
97%
Cry : _______ :: Smile : HappySad
95%
Addition : _________ :: Multiplication : DivisionSubtraction
90%
Paris : France :: ________ : USAWashington DC
80%
_____ : Winter :: Hail : SummerSnow
72%
________ : Google :: Bing : HotmailGmail
67%
Red : Green :: Blue: _______Orange
63%
Water : Granita :: _____ : Ice CreamCream
44%
Letter : _______ :: Number : CountingAlphabet
34%
Leaves : Autumn :: _________ : SpringRain
29%
Pen : Paper :: _________ : ComputerPrinter
8%

Score Distribution

Percentile by Number Answered

Percent of People with Each Score

Your Score History

You have not taken this quiz